Gdzie jest najwięcej gwałtów na świecie? - Statystyki

Ogólne statystyki
  • Ten quiz został rozwiązany 292 razy
  • Średni wynik to 5 z 10
Statystyki odpowiedzi
Ilość gwałtów Odpowiedz % Poprawnych
27 USA
92%
13 Meksyk
78%
16 Francja
70%
17 Wielka Brytania
63%
132 RPA
53%
63 Szwecja
49%
28 Australia
41%
19 Norwegia
37%
15 Finlandia
36%
13 Korea Poludniowa
27%
Nie znaleziono quizów pasujących do podanych kryteriów
Rozkład punktacji
Procent ludzi z każdym wynikiem
Percentyl według liczby udzielonych odpowiedzi
Twoja historia wyników
Nie rozwiązałeś tego quizu